000 00308nam a22001337a 4500
008 180131b xxu||||| |||| 00| 0 eng d
020 _a9780138274450
041 _aeng
080 _a616
100 _a9
101 _aPAT
245 _aSpeech, language,& hearing disorders
_cSilverman,F.H
942 _2udc
_cBK
999 _c41397
_d41397